000 00569nam a2200193 i 4500
001 78682
003 ES-MaACL
005 20230906173801.0
007 t|
008 041015s1962 xxu ||||1| eng d
100 1 _aHawk, Minor Clyde.
_962158
245 1 0 _aTheory and problems of descriptive Geometry /
_cby Minor Clyde Hawk.
260 _aNew York :
_bMcGraw-Hill,
_c[1962]
300 _a212 p. :
_bil. ;
_c28 cm.
490 1 _aSchaum's Outline Series
830 0 _aSchaum's Outline Series
_9181149
852 _aES-MaACL
_jC-35657
_bR.69157
999 _c78682
_d78682